[Event "Feffernitz op 28th"]
[Site "Feffernitz"]
[Date "2019.08.20"]
[Round "4"]
[White "Griessnig, David"]
[Black "Bulatovic, Milorad"]
[Result "1-0"]
[WhiteElo "1792"]
[BlackElo "1932"]
[PlyCount "91"]
[EventDate "2019.08.18"]
[EventType "swiss"]
[EventRounds "9"]
[EventCountry "AUT"]
[SourceTitle "EXT 2020"]
[Source "ChessBase"]
[SourceDate "2019.10.17"]
[SourceVersion "1"]
[SourceVersionDate "2019.10.17"]
[SourceQuality "1"]

1. d4 c5 2. Nf3 e6 3. e3 a6 4. c4 Nf6 5. Be2 b6 6. 0-0 Bb7 7. b3 Be7 8. Bb2 0-0 9. Nbd2 d5 10. Ne5 Nc6 11. Ndf3 Qc7 12. a3 Nxe5 13. Nxe5 Rfd8 14. cxd5 Bxd5 15. Bf3 Ne4 16. Qc2 f5 17. Rac1 Bd6 18. g3 Rac8 19. Rfd1 Qb8 20. Qd3 b5 21. Bg2 Qa8 22. dxc5 Bxe5 23. Bxe5 Nxc5 24. Qf1 Bxg2 25. Rxd8+ Rxd8 26. Qxg2 Qxg2+ 27. Kxg2 Nd3 28. Rd1 Rd5 29. Bd4 Nc5 30. Rc1 Nxb3 31. Rc8+ Kf7 32. Rc7+ Ke8 33. Bxg7 a5 34. Bf6 Rd7 35. Rc8+ Kf7 36. Bc3 a4 37. Rb8 Rd3 38. Bb4 Rd5 39. Rb7+ Kg6 40. Bc3 e5 41. Re7 e4 42. Rg7+ Kh6 43. Rg8 Nc5 44. Bg7+ Kh5 45. Bf6 h6 46. h3 1-0

[Event "Feffernitz op 25th"]
[Site "Feffernitz"]
[Date "2016.08.22"]
[Round "3"]
[White "Puff, Leo"]
[Black "Griessnig, David"]
[Result "1/2-1/2"]
[WhiteElo "2012"]
[BlackElo "1746"]
[PlyCount "92"]
[EventDate "2016.08.21"]
[EventType "swiss"]
[EventRounds "9"]
[EventCountry "AUT"]
[SourceTitle "CBM 174 Extra"]
[Source "ChessBase"]
[SourceDate "2016.10.10"]
[SourceVersion "1"]
[SourceVersionDate "2016.10.10"]
[SourceQuality "1"]

1. d4 b6 2. c4 Bb7 3. Nc3 e6 4. Bf4 Nf6 5. e3 Be7 6. Nf3 0-0 7. Bd3 d5 8. 0-0 Nh5 9. Be5 dxc4 10. Bxc4 a6 11. h3 Nf6 12. Rc1 c6 13. a3 c5 14. dxc5 Qxd1 15. Rfxd1 Bxf3 16. gxf3 Bxc5 17. Be2 Nbd7 18. Bg3 b5 19. b4 Be7 20. Rc2 Nb6 21. Rdc1 Rac8 22. Ne4 Nxe4 23. fxe4 Rxc2 24. Rxc2 Rc8 25. Rxc8+ Nxc8 26. Kf1 Nb6 27. Ke1 Kf8 28. Kd2 Ke8 29. Be5 g6 30. Bd4 Nd7 31. e5 Kd8 32. Kc3 Nb8 33. Kb3 Kc7 34. f4 Nc6 35. Bc3 Bh4 36. Bd2 Bf2 37. Kc3 Ne7 38. Kd3 Nf5 39. Bf3 Bh4 40. e4 Ne7 41. Be3 Be1 42. Bc5 Nc6 43. Bd1 Bg3 44. Ke3 Be1 45. Kd3 h6 46. Bf8 h5 1/2-1/2